Hessen Companion
Đã lưu trong:
| Tác giả chính: | |
|---|---|
| Định dạng: | Sách |
| Ngôn ngữ: | Undetermined |
| Được phát hành: |
Albuquerque, Alemania
University of México
1970
|
| Những chủ đề: | |
| Các nhãn: |
Thêm thẻ
Không có thẻ, Là người đầu tiên thẻ bản ghi này!
|
MARC
| LEADER | 00000nam a2200000Ia 4500 | ||
|---|---|---|---|
| 008 | 170316s9999 xx 000 0 und d | ||
| 040 | |a cru BVZT | ||
| 090 | |a 830 O-1h | ||
| 100 | |a Otten, Anna | ||
| 245 | |a Hessen Companion | ||
| 260 | |a Albuquerque, Alemania | ||
| 260 | |b University of México | ||
| 260 | |c 1970 | ||
| 300 | |a 324 páginas | ||
| 650 | |a LITERATURA ALEMANA | ||
| 999 | |c 7409 |d 7409 | ||
| 942 | |c 15 D |h 830 O-1h |2 z | ||
